Reálna pripravenosť SR na členstvo v EÚ

Na minha lista:
Detalhes bibliográficos
Autor principal: Fifeková, Elena
Outros Autores: Fifek, Edmund
Formato: Capítulo de Livro
Idioma:eslovaco
Tags: Adicionar Tag
Sem tags, seja o primeiro a adicionar uma tag!

MARC

LEADER 00000naa$a2200000$$$4500
001 0126782
005 20240502083320.4
041 0 |a slo 
044 |a CZ 
245 1 0 |a Reálna pripravenosť SR na členstvo v EÚ  |c Elena Fifeková, Edmund Fifek 
100 1 |a Fifeková, Elena 
700 1 |a Fifek, Edmund